Mafia II Quiz - Statistics

General Stats
  • This quiz has been taken 642 times
  • The average score is 7 of 15
Answer Stats
Hint Answer % Correct
Vito's best friend Joe Barbaro
97%
War veteran who is the protagonist Vito Scaletta
96%
Number of homes Vito stays in altogether Four
74%
Number of years Vito is in prison for Six
74%
Alleged government spy Henry Tomasino
69%
City in which the game is set Empire Bay
65%
Head of the docks Federico "Derek" Pappalardo
63%
Vito's first car Jefferson Provincial
48%
Area where Joe's house is situated Little Italy
41%
Jazz/Blues Radio Station Delta Radio
34%
Oath taken by those joining the Mafia Omerta
25%
Song that Joe and Eddie sing whilst drunk Return to Me (by Dean Martin)
20%
Irish pub in Kingston Hill of Tara
17%
What Joe and Vito do after Henry's death Kill everyone at the Red Dragon Restaurant
17%
Name of Mike Bruski's scrapyard Bruski's Scrap & Salvage
7%
No matching quizzes found
Score Distribution
Percent of People with Each Score
Percentile by Number Answered
Your Score History
You have not taken this quiz